| 000 | 00431nam a2200109Ia 4500 | ||
|---|---|---|---|
| 008 | 160909s9999 xx 000 0 und d | ||
| 100 | _aZeglin, Robert J. | ||
| 245 | 2 | _aA Hierarchical Generalized Linear Model of Condom Use among Latino MSM: Constructs for HIV Counseling Interventions | |
| 260 |
_bThe George Washington University _c2016 |
||
| 650 | _aPSYCHOLOGY | ||
| 856 | _uhttp://pqdtopen.proquest.com/doc/1750075612.html?FMT=ABS | ||
| 999 |
_c304151 _d304151 |
||